LA SCUOLA CATTOLICA. RIVISTA TEOLOGICA. LUGLIO-AGOSTO 1974 (Record n. 322320)

Dettagli MARC
000 -LEADER
fixed length control field 01697nas a2200277Ia 4500
001 - CONTROL NUMBER
control field R261-R4308
003 - CONTROL NUMBER IDENTIFIER
control field IT-CnALBA
008 - FIXED-LENGTH DATA ELEMENTS--GENERAL INFORMATION
fixed length control field 170116c99999999xx |||||||||||| ||und||
040 ## - CATALOGING SOURCE
Original cataloging agency IT-CnALBA
Transcribing agency IT-CnALBA
041 ## - LANGUAGE CODE
Language code of text/sound track or separate title ITALIANO
999 ## - SYSTEM CONTROL NUMBERS (KOHA)
Koha Dewey Subclass [OBSOLETE] NO
100 ## - MAIN ENTRY--PERSONAL NAME
Personal name BELLINI ENZO
210 ## - ABBREVIATED TITLE
Abbreviated title LA SCUOLA CATTOLICA
222 ## - KEY TITLE
Key title LA SCUOLA CATTOLICA
245 #0 - TITLE STATEMENT
Title LA SCUOLA CATTOLICA. RIVISTA TEOLOGICA. LUGLIO-AGOSTO 1974
250 ## - EDITION STATEMENT
Edition statement 1a ed.
260 ## - PUBLICATION, DISTRIBUTION, ETC. (IMPRINT)
Place of publication, distribution, etc. VARESE
Name of publisher, distributor, etc. LA TIPOG. VARESE SOC. AN. ED.
Date of publication, distribution, etc. 1974 [1° Ed.:1974 - Ed.Ling.Originale: 1974]
300 ## - PHYSICAL DESCRIPTION
Extent 164 p.
310 ## - CURRENT PUBLICATION FREQUENCY
Current publication frequency BIMESTRALE
362 ## - DATES OF PUBLICATION AND/OR SEQUENTIAL DESIGNATION
Dates of publication and/or sequential designation Fascicolo: 4 / Anno: 102 (1974)
500 ## - GENERAL NOTE
General note A S. AMBROGIO NEL XVI CENTENARIO DELL'ORDINAZIONE EPISCOPALE. GROUZEL H. FONTI PRENICENE DELLA DOTTRINA DI S. AMBROGIO SULLA RISURREZIONE DEI MORTI. LETTURA GLOBALE SULL'INCARNAZIONE. BATTESIMO E CONFERMAZIONE IN S. AMBROGIO. PERONI C. AMICIZIA E MISTERO CRISTIANO NELLA TEOLOGIA DI S. AMBROGIO. TETTAMANZI DIONIGI, VALORI CRISTIANI DEL MATRIMONIO. HANSSENS M.G. MASSIMO IL VISIGOTO. RIMOLDI A. RECENTI STUDI DI S. AMBROGIO.
501 ## - WITH NOTE
With note Società San Paolo EM - Piazza San Paolo, 14 - 12051 ALBA (CN) (non commercial uses only) ® Copyright 2017
520 ## - SUMMARY, ETC.
Summary, etc. A S. AMBROGIO NEL XVI CENTENARIO DELL'ORDINAZIONE EPISCOPALE. GROUZEL H. FONTI PRENICENE DELLA DOTTRINA DI S. AMBROGIO SULLA RISURREZIONE DEI MORTI. LETTURA GLOBALE SULL'INCARNAZIONE. BATTESIMO E CONFERMAZIONE IN S. AMBROGIO. PERONI C. AMICIZIA E MISTERO CRISTIANO NELLA TEOLOGIA DI S. AMBROGIO. TETTAMANZI DIONIGI, VALORI CRISTIANI DEL MATRIMONIO. HANSSENS M.G. MASSIMO IL VISIGOTO. RIMOLDI A. RECENTI STUDI DI S. AMBROGIO.
650 ## - SUBJECT ADDED ENTRY--TOPICAL TERM
Topical term or geographic name as entry element SCIENZE RELIGIOSE
942 ## - ADDED ENTRY ELEMENTS (KOHA)
Koha item type RIVISTA
957 ## -
-- 1
999 ## - SYSTEM CONTROL NUMBERS (KOHA)
-- 1
Dati di copia
Withdrawn status Lost status Damaged status Not for loan Home library Current library Date acquired Total Checkouts Full call number Date last seen Price effective from Koha item type Public note
    Buone Condizioni Not For Loan ALBA - Biblioteca ALBA - Biblioteca 16/01/2017   R261-R4308 16/01/2017 16/01/2017 RIVISTA (data import: 16 gennaio 2017) - By Epidotti, Vaglietti.
CREDITS: SOCIETA' SAN PAOLO Via A.Severo, 58 - ROMA (RM) & PERIODICI SAN PAOLO SRL Via Giotto, 36 MILANO & CISF Via Giotto, 36 MILANO & EDIZIONI SAN PAOLO SRL,  Piazza Soncino, 5 CINISELLO BALSAMO (MI) -- ITALY